Geography Quiz

Random Geography or State Quiz

Gimme Five: US Cities & States Quiz Stats

 Plays Quiz Updated Nov 2, 2018

Challenge
Share
Tweet
Embed
Score 0/45 Timer 06:00
5 Plays Today
Question Answer % Correct
Gimme the five largest cities in Florida.Miami
94.1%
Gimme the last five states alphabetically(using their postal abbreviation).WY
91.2%
Gimme the five largest cities in Florida.Orlando
86.7%
Gimme the five states that end with the letter S.Kansas
82.1%
Gimme the five states with the largest Amish populations.Pennsylvania
81%
Gimme the last five states alphabetically(using their postal abbreviation).WA
80.6%
Gimme the five states that end with the letter S.Arkansas
79.8%
Gimme the five states that end with the letter S.Texas
77.7%
Gimme the last five states alphabetically(using their postal abbreviation).WV
76.8%
Gimme the five states with the largest Amish populations.New York
76.7%
Gimme the last five states alphabetically(using their postal abbreviation).WI
76%
Gimme the five largest cities in Florida.Tampa
75.6%
Gimme the five least populous states according to the 2010 Census.Wyoming
73.6%
Gimme the five least populous states according to the 2010 Census.Alaska
73.5%
Gimme the five state capitals, other than Santa Fe, that begin with the letter S.Sacramento
73.5%
Gimme the five states that end with the letter S.Illinois
73.4%
Gimme the five least populous states according to the 2010 Census.North Dakota
71%
Gimme the five largest cities in Florida.Jacksonville
70.7%
Gimme the five states with the largest Amish populations.Ohio
69.4%
Gimme the five least populous states according to the 2010 Census.South Dakota
69.2%
Gimme the last five states alphabetically(using their postal abbreviation).VT
67.8%
Gimme the five states that end with the letter S.Massachusetts
64.1%
Gimme the five states with the largest Amish populations.Indiana
56.1%
Question Answer % Correct
Gimme the five major cities (top 50 in population) that saw the greatest % decrease in population between the 2000 and 2010 censuses.Detroit
55%
Gimme the five least populous states according to the 2010 Census.Vermont
54%
Gimme the five major cities (top 50 in population) that saw the greatest % decrease in population between the 2000 and 2010 censuses.Chicago
45.4%
Gimme the five state capitals, other than Santa Fe, that begin with the letter S.Salem
42%
Gimme the five cities with populations between 1 million and 2 million.Dallas
39.7%
Gimme the five state capitals, other than Santa Fe, that begin with the letter S.Springfield
37.6%
Gimme the five largest cities in Florida.St. Petersburg
36.3%
Gimme the five state capitals, other than Santa Fe, that begin with the letter S.St. Paul
34.8%
Gimme the five largest cities whose name doesn't appear in a pro team from the four major sports.Austin
34.5%
Gimme the five cities with populations between 1 million and 2 million.San Diego
34.1%
Gimme the five cities with populations between 1 million and 2 million.Philadelphia
33.2%
Gimme the five cities with populations between 1 million and 2 million.San Antonio
30.4%
Gimme the five cities with populations between 1 million and 2 million.Phoenix
30.2%
Gimme the five major cities (top 50 in population) that saw the greatest % decrease in population between the 2000 and 2010 censuses.Cleveland
29.6%
Gimme the five state capitals, other than Santa Fe, that begin with the letter S.Salt Lake City
29.1%
Gimme the five states with the largest Amish populations.Wisconsin
25.8%
Gimme the five largest cities whose name doesn't appear in a pro team from the four major sports.Albuquerque
25.7%
Gimme the five major cities (top 50 in population) that saw the greatest % decrease in population between the 2000 and 2010 censuses.Baltimore
16.6%
Gimme the five largest cities whose name doesn't appear in a pro team from the four major sports.Fort Worth
15.2%
Gimme the five largest cities whose name doesn't appear in a pro team from the four major sports.El Paso
14.8%
Gimme the five major cities (top 50 in population) that saw the greatest % decrease in population between the 2000 and 2010 censuses.Memphis
10.7%
Gimme the five largest cities whose name doesn't appear in a pro team from the four major sports.Louisville
8.9%

You're not logged in!

Compare scores with friends on all Sporcle quizzes.
Join for Free
OR
Log In

You Might Also Like...

Show Comments

Extras

Top Quizzes Today


Score Distribution

Your Account Isn't Verified!

In order to create a playlist on Sporcle, you need to verify the email address you used during registration. Go to your Sporcle Settings to finish the process.

Report this User

Report this user for behavior that violates our Community Guidelines.

Details: